00826nam a22002297a 450000500170000001000130001702000260003003500130005603700160006904000120008508200130009724500570011026000340016727000890020130000230029065000420031365000490035570000270040494200220043199900190045395201240047220170124110117.0 aB-158551 c700.00a9788174531964 aB-158551 bCen Lib/Ret aDPLbEN a780bUNI aUniversal history of music /cedited by S. M. Tagore aDelhibSanjay Prakashanc2005 bDelhiaA4378/B, 209 J.M.D. House, Murari Lal Street, Ansari Road, Darya Ganje110002 av,354p. c21cm(Hb) aMusic -- History and criticism930227 aMusic, Indic -- History and criticism930228 a Tagore, S. M. 930229 2ddccENh780mUNI c130839d130839 00104070aLbLd2015-07-10eCen Lib/Retg700.00l0o780 UNIpB-158551r2015-07-10 00:00:00t1v700.00w2015-07-10yEN